000
00214nam a22000857a 4500
008
160624b xxu||||| |||| 00| 0 eng d
100
_9
1087
_a
Summers, E
245
_a
Anna of Strathallan
260
_a
Toronta
_b
Harlequn
_c
1975
999
_c
873
_d
873